000 00737akm a2200301a 44500
008 951219s1992 cat
041 _acat
041 _bspa
080 _a796.853(038)
245 _aEn judo, no et quedis fora de joc
245 _h[tríptic]
260 _a[Barcelona]
260 _bGeneralitat de Catalunya. Direcció General de Política Lingüística
260 _c1992
500 _btermcat
520 _a50
546 _acatalà
591 _a4150
592 _aObra terminològica
593 _aVID
594 _a4150
650 _ajudo
_960757
901 _c[<1992>]
902 _a951219
942 _cMO
_n0
999 _c53393
_d53393